000
00258cam a2200109ua 4500
082
_a
333.7911
_b
WOR/SU
245
_a
Survey of Energy Resources - 1983
250
_a
1 /
260
_a
UK :
_b
World Energy Conference ,
_c
1983.
300
_a
137 ; .
942
_c
REF
999
_c
6741
_d
6741